000
00331nam a22001457a 4500
003
SGT
020
_a
8189766635
082
_a
320
_b
G09D
100
_a
DHAR, MALAY KRISHN
245
_a
GANGLAND DEMOCRACY: CHUNAVI GUNDARAJ
260
_b
VITASTA PUBLISHING
_c
2009
300
_a
518
650
_a
POLITICAL SCIENCE
942
_2
ddc
_c
BK
999
_c
28080
_d
28080